Normal view MARC view

Entry Personal Name

Number of records used in: 1

001 - CONTROL NUMBER

  • control field: 14339

003 - CONTROL NUMBER IDENTIFIER

  • control field: dpl

005 - DATE AND TIME OF LATEST TRANSACTION

  • control field: 20100817123302.0

008 - FIXED-LENGTH DATA ELEMENTS

  • fixed length control field: 100817|||a|||||| | ||| d

040 ## - CATALOGING SOURCE

  • Original cataloging agency: dpl
  • Transcribing agency: dpl

100 ## - HEADING--PERSONAL NAME

  • Personal name: Solunke,Abhay B

670 ## - SOURCE DATA FOUND

  • Source citation: Work cat.: (dpl): Aithal, Shiva C 14338, Microbial catabolism a review /, 2010

670 ## - SOURCE DATA FOUND

  • Source citation: Work cat.: (dpl): Aithal, Shiva C 14338, Microbial catabolism a review /, 2010

© Delhi Public Library
Hit Counter
free hit counter